000 00810nam a2200181 a 4500
005 20260112063311.0
039 _a201211120441
_bstaff
_c201211120141
_d staff
_c201211120139
_d staff
_c201211050613
_d staff
_y 201211050611
_z staff
082 _a658.8342
_bRAL
100 _aRalhan
_bGaurav (2010PGP095)
245 _aUnlocking Nestle's Cold Vending Potential /
_cGaurav Ralhan
260 _aShillong:
_bRajiv Gandhi Indian Institute of Management
_c2011
300 _a37p.:
_bill. fig, table;
_c29cm
490 _aSummer Internship Report submitted in partial fulfillment of the requirements for the award of the post Graduate Diploma in Management (2010-2012)
650 _aConsumer Behaviour
_x Marketing
991 _aVIRTUA40
991 _aVTLSSORT0080*0820*1000*2450*2600*3000*4900*6500*9992
909 _a4438
999 _c3924
_d3924